000 00797nam a22002057a 4500
999 _c8752
_d8752
003 AR-CdUCM
008 190325b ||||| |||| 00| 0 spa d
040 _aMUNICIPALIDAD PROVINCIAL DEL CUSCO
_cBIBLIOTECA MUNICIPAL DEL CUSCO
082 _a985.632 /
_bC32
100 _aCasafranca Morales, José Luis
_924417
245 _aSublevaciones campesinas en Andahuaylas /
260 _aLima :
_bKinko´s impresiones,
_c2012.
300 _a128 páginas ;
_bFotografías,
_c21 cm.
505 _aContenido: Los chancas -- El Taki Oncoy -- El incendio de Chiara -- La vía de los libertadores -- Primera sublevación campesina 1876...
650 _aMovimientos sociales
_91450
650 _aMovimientos indigenistas
_924418
650 _aIndígenas chancas
_924419
942 _2ddc
_cLIBROS
945 _adavv